Pendant la guerre civile (Record no. 182988)

MARC details
000 -LEADER
campo de control de longitud fija 00788nam a2200205 i 4500
001 - NÚMERO DE CONTROL
campo de control 182988
003 - IDENTIFICADOR DE NÚMERO DE CONTROL
campo de control ES-MaACL
005 - FECHA Y HORA DE LA ÚLTIMA TRANSACCIÓN
campo de control 20230906221747.0
008 - DATOS DE LONGITUD FIJA--INFORMACIÓN GENERAL
campo de control de longitud fija 140109s1921 fr |||| | fre d
100 1# - ENTRADA PRINCIPAL--NOMBRE DE PERSONA
Nombre de persona Serge, Victor.
9 (RLIN) 105542
245 10 - MENCIÓN DEL TÍTULO
Título Pendant la guerre civile
Resto del título : Pétrograd, mai-juin 1919 : impressions et réflexions /
Mención de responsabilidad, etc. Victor Serge.
260 ## - PUBLICACIÓN, DISTRIBUCIÓN, ETC.
Lugar de publicación, distribución, etc. Paris :
Nombre del editor, distribuidor, etc. Éditions de la Bibliothèque du Travail,
Fecha de publicación, distribución, etc. 1921.
300 ## - DESCRIPCIÓN FÍSICA
Extensión 39 p. ;
Dimensiones 19 cm.
490 1# - MENCIÓN DE SERIE
Mención de serie Les Cahiers du travail ;
Designación de volumen o secuencia 1re série, 6e cahier, 15 mai 1921
651 #4 - PUNTO DE ACCESO ADICIONAL DE MATERIA--NOMBRE GEOGRÁFICO
Nombre geográfico San Petersburgo-
Subdivisión general Historia.
9 (RLIN) 161554
651 #4 - PUNTO DE ACCESO ADICIONAL DE MATERIA--NOMBRE GEOGRÁFICO
Nombre geográfico Rusia-
Subdivisión general Historia-
Subdivisión cronológica 1917-1921, Revolución.
9 (RLIN) 9336
830 0# - PUNTO DE ACCESO ADICIONAL DE SERIE-TÍTULO UNIFORME
Título uniforme Les Cahiers du travail ;
Designación de volumen o secuencia 1re série, 6e cahier, 15 mai 1921
9 (RLIN) 191855
852 ## - LOCALIZACIÓN
Ubicación ES-MaACL
Número de control de estantería 1625-F-13
Holdings
Estatus retirado Estado de pérdida Estado de daño No para préstamo Colección Biblioteca de origen Biblioteca actual Ubicación en estantería Fecha de adquisición Fuente de adquisición Total de préstamos Signatura topográfica completa Código de barras Visto por última vez Precio de reemplazo Tipo de ítem Koha
        Colección de folletos Biblioteca del Ateneo de Madrid Biblioteca del Ateneo de Madrid Depósito folletos 09/01/2014     1625-F-12 1192327 23/02/2023 23/02/2023 Folleto